00646nam a2200193Ia 4500008004100000020001500041082001500056100002200071245004500093250000800138260004600146300003100192500001900223600002100242650005000263942000700313952011700320999001500437240925s9999 xx 000 0 und d a8178084627 a004.36 COU aCoulouris, George 0aDistributed Systems: concepts and design a3rd aNew Delhi:bPearson Printice Hallc,2005. axviii,1020p.bNAfOriginal aIncludes Index aComputer Science aComputer science, information & general works cBK 001040708SEaUITUbUITUd2005-02-09eF.B.Cg450.00l0o004.36 COUpQ6349r2024-09-25 07:14:12w2024-09-25yBK c8848d8848